000 01641nam0a22003011 4500
001 rc\4079513
005 20130415154400.0
021 _aRU
_b[49-9367]
035 _a(NLR Aleph) 008125116
090 _a9388222
_c9388222
100 _a20130415d1949 |||y0rusy50 ca
101 0 _arus
102 _aRU
105 _aa b |||||
200 1 _aПодшивка потолка под штукатурку (с помощью консольной рейки)
_fНауч.-исслед. ин-т коммун. хозяйства Исполкома Ленгорсовета "ЛНИИКХ"
210 _aЛенинград
_aМосква
_cИзд-во М-ва коммун. хозяйства РСФСР
_d1949
_gТип. № 2 Упр. изд-в и полиграфии Ленгорисполкома
215 _a6 с.
_cчерт.
_d22
225 1 _aТехнологические карты на строительные процессы
_iПлотничные работы
_vКарта П-2/4
300 _aВ вып. дан. сост.: В.И. Макаров и К.А. Бот
606 _aПотолки
_xПодшивка под штукатурку
_2psbo
700 1 _aМакаров
_bВ. И.
_cканд. техн. наук, технолог по строительству
_gВладимир Иванович
_3RU\NLR\AUTH\770142913
_4220
701 1 _aБот
_bК. А.
_gКирилл Александрович
_4220
712 0 2 _aНИИ коммунального хозяйства
_cЛенинград
_3RU\NLR\AUTH\889939201
801 0 _aRU
_bNLR
_gpsbo
801 1 _aRU
_bELAR
_2rusmarc
852 _aNLR
_jТ80 Г-6/628
942 _cBOOK
980 _aNB